| 000 | 00485nam a2200157 i 4500 | ||
|---|---|---|---|
| 001 | 25306 | ||
| 003 | ES-MaACL | ||
| 005 | 20230906153232.0 | ||
| 007 | t| | ||
| 008 | 021223s1980 sp ||||1| spa d | ||
| 100 | 1 |
_aAranda Redruello, Rosalía Elena. _922292 |
|
| 245 | 1 | 0 |
_aActividades extraescolares para la edad preescolar / _cRosalía Elena Aranda Redruello. |
| 260 |
_aMadrid : _bEscuela Española, _c[1980] |
||
| 300 |
_a114 p. ; _c18 cm. |
||
| 852 |
_aES-MaACL _jF-2713 _bR.100980 |
||
| 999 |
_c25306 _d25306 |
||